Guess The Movie With Only Vowels & Letters 3: G, B, F, W & K - Statistics

General Stats
  • This quiz has been taken 15 times
  • The average score is 7 of 25
Answer Stats
Hint Answer % Correct
Eye_ Wi_e __u_ Eyes Wide Shut
67%
B_okeba_k _ou__ai_ Brokeback Mountain
60%
Goo_ Wi__ _u__i_g Good Will Hunting
60%
_aw_ Jaws
60%
__e Go_fa__e_ The Godfather
60%
127 _ou__ 127 Hours
53%
Gua__ia__ Of __e Ga_a_y Guardians of The Galaxy
53%
_oke_ Joker
47%
28 _ay_ _a_e_ 28 Days Later
40%
I__e Of _og_ Isle Of Dogs
33%
Ko_g: _ku__ I__a__ Kong: Skull Island
33%
Bi___ Of __ey Birds Of Prey
27%
Go__i__a: Ki_g Of __e _o___e__ Godzilla: King of The Monsters
27%
Abou_ _i_e About Time
20%
_oo__ig__ Moonlight
20%
_e_uie_ Fo_ A __ea_ Requiem For A Dream
20%
Bi__ Bo_ Bird Box
13%
10 __o_e_fie__ _a_e 10 Cloverfield Lane
7%
I__ia_a _o_e_: __e _a__ __u_a_e Indiana Jones: The Last Crusade
7%
_e_ _i_e_ab_e_ Les Miserables
7%
_o _ou___y Fo_ O__ _e_ No Country For Old Men
7%
__e I_i_a_io_ Ga_e The Imitation Game
7%
_i__o__a_ Midsommar
0%
__e _ig___ou_e The Lighthouse
0%
__e __u_a_ __ow The Truman Show
0%
No matching quizzes found
Score Distribution
Percent of People with Each Score
Percentile by Number Answered
Your Score History
You have not taken this quiz